00254nam a2200121Ia 4500100002000000650001200020366000700032245002200039260002500061082001500086300000800101546002300109 aSheldon/Sidney  aGeneral f20 aIf tomorrow comes bHarper collinsc2010 a808.8bSHE a501 aENGLISHcComputers